ARRUPE JESUIT UNIVERSITY

CORONAVIRUS -STOP THE SPREAD - CLEAN,DISINFECT,COVER

Discovery in the physical sciences (Record no. 34463)

MARC details
000 -LEADER
fixed length control field 00506nam a2200181Ia 4500
003 - CONTROL NUMBER IDENTIFIER
control field 0100
005 - DATE AND TIME OF LATEST TRANSACTION
control field 20150407132905.0
008 - FIXED-LENGTH DATA ELEMENTS--GENERAL INFORMATION
fixed length control field 130303s9999 xx 000 0 und d
040 ## - CATALOGING SOURCE
Transcribing agency ARRUPELIB
050 ## - LIBRARY OF CONGRESS CALL NUMBER
Classification number Q175.B57 1969
300 ## - PHYSICAL DESCRIPTION
Other physical details 240p. 23cm.
100 ## - MAIN ENTRY--PERSONAL NAME
Personal name Blackwell, Richard J
9 (RLIN) 16899
245 ## - TITLE STATEMENT
Title Discovery in the physical sciences
260 ## - PUBLICATION, DISTRIBUTION, ETC. (IMPRINT)
Place of publication, distribution, etc Notre Dame
Name of publisher, distributor, etc University of Notre Dame Press
Date of publication, distribution, etc 1969
300 ## - PHYSICAL DESCRIPTION
Extent xii
650 ## - SUBJECT ADDED ENTRY--TOPICAL TERM
Topical term following geographic name as entry element Hegel's concept of experience
9 (RLIN) 16900
942 ## - ADDED ENTRY ELEMENTS (KOHA)
Source of classification or shelving scheme Library of Congress Classification
Koha item type Monograph ( Printed materials)
Holdings
Withdrawn status Lost status Source of classification or shelving scheme Damaged status Not for loan Collection code Home library Current library Shelving location Date acquired Total Checkouts Full call number Barcode Date last seen Copy number Price effective from Koha item type
    Library of Congress Classification     Main Collection ARRUPE LIBRARY ARRUPE LIBRARY Main Collection 04/03/2013   Q175.B57 1969 46500000922 03/07/2019 1 04/03/2013 Monograph ( Printed materials)

 

Arrupe Library. PO Box MP320 Mt Pleasant, Harare, Zimbabwe
263 242 745411|librarian@aju.ac.zw